| 000 | 00552nam a22001937a 4500 | ||
|---|---|---|---|
| 003 | DEla salle | ||
| 005 | 20140310181732.0 | ||
| 008 | 130318t xxu||||| |||| 00| 0 eng d | ||
| 020 | _a971630143X (pbk.) | ||
| 050 |
_aPN 989 _b.R627 2003 |
||
| 082 |
_aFIL 398.245 _bR52 2003 |
||
| 100 | _aRizal, Jose | ||
| 245 |
_aThe monkey and the turtle : _ba Philippine folk tale / _cJose P. Rizal. |
||
| 260 |
_aManila _bTahanan Books for Young Readers _cc2003 |
||
| 300 |
_a40 p. : _bill. col. ; _c23 cm. |
||
| 562 | _e1 | ||
| 942 |
_2lcc _cBK |
||
| 999 |
_c2442 _d2442 |
||